000 00263nam a2200097Ia 4500
001 1210038
005 20250827024411.0
008 250824s9999 xx 000 0 und d
245 0 _aFERMAN
_cÖMER SEYFETTİN
260 _bALTIN KİTAPLAR YAYINLARI
999 _c1210038
_d1210038